| 000 -LEADER |
| fixed length control field |
00993nam a22001817a 4500 |
| 005 - DATE AND TIME OF LATEST TRANSACTION |
| control field |
20260124093750.0 |
| 008 - FIXED-LENGTH DATA ELEMENTS--GENERAL INFORMATION |
| fixed length control field |
230713b ||||| |||| 00| 0 eng d |
| 040 ## - CATALOGING SOURCE |
| Transcribing agency |
SSBUL |
| Modifying agency |
SSBUL |
| 082 ## - DEWEY DECIMAL CLASSIFICATION NUMBER |
| Edition number |
23 |
| Classification number |
၈၉၅.၈၉ ဗိုလ် ၁၆၀၉၂ (S-SAT) |
| 245 ## - TITLE STATEMENT |
| Title |
ဗိုလ်ချုပ်မှူးကြီးစောမောင်ပြောကြားသည့် မိန့်ခွန်း / |
| 260 ## - PUBLICATION, DISTRIBUTION, ETC. |
| Place of publication, distribution, etc. |
ရန်ကုန်၊ |
| Name of publisher, distributor, etc. |
ကြေးမုံသတင်းစာတိုက်၊ |
| Date of publication, distribution, etc. |
၁၉၉၀။ |
| 300 ## - PHYSICAL DESCRIPTION |
| Extent |
၉၂ စာမျက်နှာ၊ |
| Dimensions |
၂၄ စင်တီ။ |
| 500 ## - GENERAL NOTE |
| General note |
S-SAT: Dr. Prof Sai Aung Tun |
| 650 ## - SUBJECT ADDED ENTRY--TOPICAL TERM |
| Topical term or geographic name entry element |
မြန်မာမိန့်ခွန်းများ။ |
| 9 (RLIN) |
27776 |
|
| Topical term or geographic name entry element |
မိန့်ခွန်းများ။ |
| 9 (RLIN) |
27777 |
|
| Topical term or geographic name entry element |
နိုင်ငံတော်ငြိမ်ဝပ်ပိပြားမှုတည်ဆောက်ရေးအဖွဲ့။ |
| 9 (RLIN) |
27918 |
| 942 ## - ADDED ENTRY ELEMENTS (KOHA) |
| Source of classification or shelving scheme |
|
| Koha item type |
Book (Short term) |